000 00542nam a22001457a 4500
020 _a0-7497-1340-2
082 _a823
_bBLY/E
100 _aENID BLYTON
245 _aEIGHT O CLOCK TALES
260 _aGREAT BRITAIN
_bMETHUEN & CO
_c1944
300 _a154
520 _aA BRAVE SCARECROW FOILS A PLOT TO KIDNAP PRINCESS PERONEL, TWO NAUGHTY CHILDREN EAT SOME MAGIC SHRINKING SWEETS, AND MOLLIE PAYS A VISIT TO THE OLD WOMAN WHO LIVES INA SHOE, AND WHO MAKES HER DOLL COME TO LIFE!
650 _aCHILDREN'S STORY BOOK
_zUNITED KINGDOM
942 _cBK
999 _c211
_d211